Normal view
MARC view
- Bronshteĭn, I. N.
Entry Personal Name
001 - CONTROL NUMBER
- control field: 101705
003 - CONTROL NUMBER IDENTIFIER
- control field: NUST
005 - DATE AND TIME OF LATEST TRANSACTION
- control field: 20221028190736.0
008 - FIXED-LENGTH DATA ELEMENTS
- fixed length control field: 221028|| aca||aabn | a|a d
040 ## - CATALOGING SOURCE
- Original cataloging agency: NUST
- Transcribing agency: NUST
100 ## - HEADING--PERSONAL NAME
- Personal name: Bronshteĭn, I. N.
- Fuller form of name: (Ilʹi︠a︡ Nikolaevich)
670 ## - SOURCE DATA FOUND
- Source citation: Work cat.: (NUST)0: Bronshtein , I.N. 101702, Handbook of mathematics /, c2007.
